00497 2200205 4500001002100000008004100021035002000062245004600082100002000128250000600148260004200154300001100196084001400207082000800221650001400229990001200243990001200255990001200267990001200279INLIS000000000000572 ind  a0010-0424000548 aMotor Listrik Arus SearahcHenny Sutrisno aSutrisno, Henny a1 aKlaten :bSaka Mitra Kompetensic2011 a60 hlm a600 HEN m a600 aNon Fiksi a0722316 a0722317 a0722318 a0722319